| 000 | 00364nam a2200109Ia 4500 | ||
|---|---|---|---|
| 008 | 180219s9999 xx 000 0 und d | ||
| 020 | _a9789812724694 | ||
| 100 | _aMcPherson, Richard A. | ||
| 245 |
_cPincus, Matthew R. _aHenry's clinical diagnosis and management by laboratory methods / |
||
| 260 |
_aQuezon City : _bC & E publishing _c2009 |
||
| 300 | _av, 1450 pages | ||
| 999 |
_c355988 _d355988 |
||